• 首页
  • 本馆介绍
  • 公告通知
  • 最新文献
  • 馆藏检索
  • 电子资源
  • 读者导购
  • 参考咨询
  • 我的图书馆
  • 登录
  • 详细信息显示
  • 放入我的书架
  • 预约/预借图书
  • 作者相关作品
  • 分类相关作品
  • 丛书相关作品
  • 出版社相关作品

书目信息

  • 表格格式
  • 工作单格式
  • 卡片格式
题名:
国外农业现代化概况
    
 
作者: ;中国农业科学院科技情报研究所 编
分册:  
出版信息: 北京   三联书店  1979
页数: 279页
开本: 20cm
丛书名:
单 册:
中图分类: F31
科图分类:
主题词: 农业现代化--概况--外国
电子资源:
ISBN:
000 00698nam0 2200217 45
001 0179008020
005 20060911152000.45
010    @dCNY0.84
091    @a4002.285
100    @a19950714d1979 em y0chiy0121 ea
101 0  @achi
102    @aCN@b110000
105    @ay z 000yy
200 10 @a国外农业现代化概况@Aguo wai nong ye xian dai hua gai kuang@e美、日、法、西德、荷、苏、匈七国@f中国农业科学院科技情报研究所编
210    @a北京@c三联书店@d1979
215    @a279页@d20cm
606    @a农业现代化@x概况@y外国
690    @aF31@v3
711 02 @a中国农业科学院科技情报研究所@Azhong guo nong ye ke xue yuan ke ji qing bao yan jiu suo@4编
801  0 @aCN@bTSSF@c20060911
905    @a10447@dF31@e7
    
    国外农业现代化概况:美、日、法、西德、荷、苏、匈七国/中国农业科学院科技情报研究所编.-北京:三联书店,1979
    279页;20cm
    
    
    ISBN :CNY0.84
    
●
相关链接 在E读中查询图书 在五车中查询图书 在当当中查询图书 在豆瓣中查询图书


正题名:国外农业现代化概况     索取号:F31/7         预约/预借

序号 登录号 条形码 馆藏地/架位号 状态 备注
1 0470564   204705649   密集书库/ [索取号:F31/7] 在馆    
唐山师范学院图书馆 欢迎您!
大连网信软件有限公司© 版权所有